00894cam a22002655a 450000500170000000800410001701000130005802000260007103500130009703500170011003700200012704000180014708200060016510000340017124500810020526000290028627000830031530000270039850000180042565000540044365000490049765000330054665000320057970000170061120090121123348.0080922s2007 enk j 000 f eng  aB-358906 a9788128614736c199.00 aB-358906 aB-333089-121 bBlueberry Books adplbEnglish  aN aJohns, W. E.q(William Earl), aBiggles the fire in provence-1 /cby W.E. Johns; illustrated by Eric Loutte  aMumbaibEuro Booksc2007 aDani Corporate Park, 158, Vidyanagari Marg, Kalina, SantacruzbMumbai e400098 a46p.bill.c31cm.(pbk) agraphic novel aBiggles (Fictitious character)vJuvenile fiction. aAir pilotszGreat BritainvJuvenile fiction. aChildren's stories, English. aAdventure stories, English. aLoutte, Eric